000 004620000a22001810004500
003 MACL
005 20160120120744.0
008 160120b xxu||||| |||| 00| 0 eng d
040 _aMACL
_cMACL
041 _aEnglish
082 _a346.004/GAN
100 _aGandhi, B M
_933508
245 _aEquity Trusts and Specific Relief
260 _bEastern Book Company
_c1998
_aLucknow
350 _a160
650 _aPrivate Law
_921264
942 _cBK
_k346.004/GAN
_2ddc
999 _c31973
_d31973